000 01197nam a2200325 i 4500
001 71012
003 Mx-PuUPA
005 20240509082402.0
008 240509s2010 mx |||gr|||| 00| 0 spa d
020 _a9786079551612
_qescuela de administración publica del df y secretaría de educación del df
020 _a9786070302671
_qsiglo xxi editores
040 _aMx-PuUPA
_bspa
_cMx-PuUPA
_dMx-PuUPA
_erda
041 0 _aspa
245 0 0 _aPolítica pública /
_cLuis F. Aguilar, compilador
250 _aPrimera edición
264 1 _aMéxico, D.F. :
_bSiglo xxi editores,
_c2010
300 _a175 páginas ;
_c21 cm
336 _2rdacontent
_atexto
_btxt
337 _2rdamedia
_asin medio
_bn
338 _2rdacarrier
_avolumen
_bnc
490 0 _aBiblioteca Básica de Administración Pública ;
_v1
650 7 _2armarc
_aAdministración pública
650 7 _2armarc
_aPlanificación política
650 7 _2armarc
_aPolítica pública
700 1 _aAguilar, Luis F.
_ecompilador
_97803
942 _2ddc
_cLI
_h320.60972
_iP762
999 _c71012
_d71012